000 00969nas a2200337 4500
001 BR0101246
003 BR-BrBNA
005 20231205102120.0
007 ta
008 230509b bl.|||p| |||| 00| 00por d
040 _aBR-BrBNA
_bpor
_cBiblioteca Nacional de Agricultura
041 _a(Pt)
072 _aL51
100 1 _aSilva, J.H.V. da
100 1 _aAlbino, L.F.T.
100 1 _aRostagno, H.S.
100 1 _aGomes, P.C.
100 1 _aEuclydes, R.F.
245 1 _aExigencia de lisina para aves de reposicao de 7 a 12 semanas de idade
650 _aGalinha para Postura
650 _aLisina
650 _aSuplemento Alimentar
650 _aCrescimento
650 _aGanho de Peso
650 _aProducao
650 _aOvo
650 _aMinas Gerais
773 0 _tRevista Brasileira de Zootecnia (Brazil)
_xISSN 1516-3598
_g(Nov-Dec 2000), v. 29(6) p. 1786-1794
_wBR0101246
909 _a202311
_bLúcia
_c55
_dLúcia Elande
942 _2AGRIS
_n0
_cANA
999 _c165821
_d165821